| 000 | 00355nam a22001697a 4500 | ||
|---|---|---|---|
| 003 | UA-OsUOA | ||
| 001 | 2971 | ||
| 007 | ta | ||
| 008 | 20050721b un ||||| |||| 00| 0 ukr d | ||
| 100 | _aSchmidt | ||
| 700 | _aPeggy | ||
| 942 | _cBK | ||
| 040 |
_aUA-OsUOA _cUA-OsUOA _dUA-OsUOA |
||
| 245 |
_aThe 90-minute resume. _bWriting |
||
| 955 | _a2 | ||
| 650 | 7 | _2UDC | |
| 999 |
_c289133 _d289133 |
||